| 000 | 00714cam a2200181 a 4500 | ||
|---|---|---|---|
| 020 | _a0821302590 (pbk.) | ||
| 082 | 0 | 0 |
_a320.9172/4 _bGOU _cD |
| 100 | 1 |
_aGould, David J. _937600 |
|
| 245 | 1 | 4 |
_aThe effects of corruption on administrative performance : _billustrations from developing countries / _cDavid J. Gould, José A. Amaro-Reyes. |
| 260 |
_aWashington, D.C., U.S.A. : _bWorld Bank, _c1983. |
||
| 300 |
_a41 p. ; _c28 cm. |
||
| 490 | 1 |
_aWorld Bank staff working papers ; _aManagement and development series ; |
|
| 526 |
_a0 _b0 _c0 _d320_917240000000000_GOU |
||
| 650 | 0 |
_aMCE _9379 |
|
| 650 | 0 |
_aPolitical corruption _zDeveloping countries. _937601 |
|
| 700 | 2 |
_aAmaro-Reyes, José A., _937602 |
|
| 942 |
_2ddc _cBK |
||
| 999 |
_c542434 _d542434 |
||